| 000 | 00538nam a22001457a 4500 | ||
|---|---|---|---|
| 003 | 0 | ||
| 005 | 20230315085101.0 | ||
| 008 | 230315b xxu||||| |||| 00| 0 eng d | ||
| 050 |
_aG155 _b.D66 2022 |
||
| 245 |
_aFactors affecting the selection of destination of professional generartion z tourists at Southville International School and Colleges _cFrances Mae R. Domingo |
||
| 260 |
_aLas Pinas City _bSouthville International School and Colleges _cC2022 |
||
| 300 |
_av, 102pp. _c28cm. _fTheses |
||
| 500 | _aDestination. | ||
| 942 |
_2lcc _cTH |
||
| 999 |
_c364952 _d364952 |
||